000 00590nam a2200241Ia 4500
008 210210b2012 xxu||||| |||| 00| 0 eng d
020 _a9781780281155
041 _aeng
082 _a204.4 FREM
100 _aFREKE (Tim)
245 _aMystery experience
_bRevolutionary approach to spiritual awakening
260 _aLondon
_bWatkins Publishing
_c2012
300 _a332
650 _ato
650 _aspiritual
650 _aRevolutionary
650 _aMystery
650 _aexperience
650 _aawakening
650 _aapproach
690 _aReligion
906 _a067262
999 _c149606
_d149606